| 000 | 01665nam a22002537a 4500 | ||
|---|---|---|---|
| 008 | 210430b ||||| |||| 00| 0 eng d | ||
| 020 | _a0687459729 (pbk. : alk. paper) | ||
| 020 | _a9780687459728 (pbk. : alk. paper) | ||
| 050 |
_aBV639.W7 _bI5 1994 |
||
| 245 |
_aIn her words : _bwomen's writings in the history of Christian thought / _cedited by Amy Oden |
||
| 260 |
_aNashville : _bAbingdon Press, _c1994 |
||
| 300 |
_a347 pages ; _c23 cm |
||
| 500 | _aIncludes bibliographical references (pages 339-347) | ||
| 505 | _aPoetry / Vittoria Colonna (early 1500s) -- The interior castle / Teresa of Avila (1577) -- Letters of spiritual direction / Jane de Chantal (1625-39) -- Respuesta a Sor Filotea de la Cruz / Juana Inés de la Cruz (1690) -- Spiritual torrents / Madame Jeanne Guyon (late 1600s) -- Letters and writings / Susanna Wesley (1709-25) -- Testimonies / Ann Lee (1826) -- Autobiography / Jarena Lee (early 1800s) -- Entire devotion to God / Phoebe Palmer (1845) -- Likeness to Christ / Lucretia Mott (1849) -- The open secret / Hannah Whitall Smith (1875) -- An autobiography / Amanda Berry Smith (1893) --The woman's Bible / Elizabeth Cady Stanton (1895-98) -- A testimony / Pandita Ramabai (1907) -- Understanding the Christian faith / Georgia Harkness (1947) | ||
| 650 |
_aWomen in Christianity _vSources _xHistory |
||
| 650 | _aChristian life | ||
| 653 | _aChristian life | ||
| 653 | _aWomen, History - Sources | ||
| 653 | _aWomen in Christianit, History - Sources | ||
| 655 |
_2fast|0(OCoLC)fst01411628 _bHistory. |
||
| 655 |
_2fast|0(OCoLC)fst01423900 _bSources. |
||
| 700 |
_aOden, Amy, _d1958- |
||
| 942 |
_2lcc _cBK |
||
| 999 |
_c56211 _d56211 |
||